[Event "Basso Veronese op 4th"]
[Site "Casaleone"]
[Date "2011.05.29"]
[Round "3"]
[White "Avanzini, Angelo"]
[Black "Adami, Alessandro"]
[Result "0-1"]
[WhiteElo "1485"]
[BlackElo "1688"]
[PlyCount "74"]
[EventDate "2011.05.28"]
[EventType "swiss"]
[EventRounds "6"]
[EventCountry "ITA"]
[SourceTitle "EXT 2023"]
[Source "ChessBase"]
[SourceDate "2022.10.05"]
[SourceVersion "1"]
[SourceVersionDate "2022.10.05"]
[SourceQuality "1"]

1. d4 f5 2. g3 Nf6 3. Bg2 g6 4. Nf3 Bg7 5. c4 d6 6. Nc3 0-0 7. Bf4 c6 8. Qd2 Qe8 9. 0-0 Nbd7 10. Qc2 e5 11. dxe5 dxe5 12. Bg5 h6 13. Bxf6 Nxf6 14. e4 f4 15. Rad1 g5 16. Rd3 Bg4 17. Rfd1 Qh5 18. Nxe5 Bxd1 19. Qxd1 Qxd1+ 20. Rxd1 Nxe4 21. Bxe4 Bxe5 22. Rd7 Rf7 23. Rd3 Bxc3 24. Rxc3 Rd8 25. b4 fxg3 26. hxg3 Rd1+ 27. Kg2 Rd2 28. Rf3 Rxf3 29. Bxf3 Rxa2 30. b5 cxb5 31. cxb5 Rb2 32. Bxb7 Rxb5 33. Ba6 Rb6 34. Bc8 a5 35. g4 a4 36. Kf3 a3 37. Ke4 a2 0-1

[Event "Basso Veronese  op-B 3rd"]
[Site "Verona"]
[Date "2010.05.30"]
[Round "3"]
[White "Avanzini, Angelo"]
[Black "Pisani, Valerio"]
[Result "0-1"]
[WhiteElo "1410"]
[BlackElo "1771"]
[PlyCount "116"]
[EventDate "2010.05.29"]
[EventType "swiss"]
[EventRounds "6"]
[EventCountry "ITA"]
[SourceTitle "EXT 2011"]
[Source "ChessBase"]
[SourceDate "2010.11.26"]
[SourceVersion "1"]
[SourceVersionDate "2010.11.26"]
[SourceQuality "1"]

1. d4 d5 2. c4 e6 3. Nf3 Nf6 4. e3 Be7 5. Nc3 0-0 6. Be2 Nbd7 7. 0-0 b6 8. cxd5 exd5 9. Qc2 Bb7 10. Bd3 Rc8 11. Qe2 c5 12. Re1 Re8 13. Nb5 a6 14. Nc3 c4 15. Bf5 g6 16. Bc2 Bd6 17. h3 b5 18. Bd2 Qc7 19. Ng5 Bf4 20. e4 Bxg5 21. Bxg5 Nxe4 22. Nxe4 dxe4 23. Qe3 Qd6 24. h4 Nf6 25. Bxf6 Qxf6 26. g3 Re7 27. Qg5 Qxg5 28. hxg5 Rce8 29. Re3 Kg7 30. Rae1 f5 31. f3 h6 32. fxe4 Bxe4 33. gxh6+ Kxh6 34. Bxe4 Rxe4 35. Rxe4 Rxe4 36. Rxe4 fxe4 37. Kf2 Kg5 38. Ke3 Kf5 39. g4+ Ke6 40. Kxe4 b4 41. d5+ Kd6 42. Kd4 c3 43. bxc3 bxc3 44. Kxc3 Kxd5 45. Kd3 a5 46. a4 g5 47. Kc3 Kc5 48. Kb3 Kd4 49. Kb2 Kc4 50. Ka3 Kc3 51. Ka2 Kb4 52. Kb2 Kxa4 53. Ka2 Kb4 54. Kb2 Kc4 55. Ka3 Kd4 56. Ka4 Ke4 57. Kxa5 Kf4 58. Kb4 Kxg4 0-1